000 00627nas a22002171c 4500
001 a987681786
008 060210m1997 gw |||| 000u eng d
022 _a0016-8777
041 _aeng
245 0 0 _aGerman life and letters :
_ba quarterly review
246 1 0 _aGerman life & letters
264 _aOxford [u.a.] :
_bBlackwell Publ.,
_c[2006]
362 0 _aNachgewiesen 50.1997 -
500 _aOnline-Angebot nicht frei zugänglich
655 0 _aElektronische Zeitschrift
856 4 _uhttps://onlinelibrary.wiley.com/loi/14680483
942 _cCR
910 0 0 _a50.1997-
040 _cRU-10907106
003 RU-10907106
999 _c11917
_d11917